Questionário presidencial - Floriano Peixoto - Statistics

Estatísticas Gerais
  • Esse quiz foi jogado 17 vezes
  • A pontuação média é 12 de 15
Estatísticas das Respostas
Dica Resposta % Correto
Antiga profissão Militar
93%
Participou da Guerra do... Paraguai
93%
Governou no período conhecido como... República {Velha}
93%
Ano de início do mandato 1891
86%
Ano de término do mandato 1894
86%
Ano de falecimento 1895
86%
Número de filhos 8
86%
Estado em que se localiza o acima Alagoas
86%
Foi vice-presidente de... Deodoro da Fonseca
86%
Ano de nascimento 1839
79%
Já governou a província do... Mato Grosso
79%
Cidade onde nasceu Maceió
64%
Apelido dado à Floriano Peixoto Marechal de {ferro}
64%
Apelido dado à Floriano Peixoto {Consolidador} da República
43%
Nome completo Floriano Vieira Peixoto
43%
Nenhum quiz correspondente encontrado
Distribuição das Pontuações
Porcentagem de Pessoas com Cada Pontuação
Percentil de Números Respondidos
Sua Pontuação Histórica
Você não jogou esse quiz